| 000 | 02775nam0a2200421 4500 | ||
|---|---|---|---|
| 001 | RU\NLR\bibl\1719318 | ||
| 005 | 20260408024604.0 | ||
| 010 |
_a978-5-8122-1085-4 _9100 |
||
| 021 |
_aRU _b2010-94373 _96356 |
||
| 035 | _a(nilc)RSL-KNO-004837211 | ||
| 035 | _a(NLR Aleph) 001710321 | ||
| 090 |
_a1276065 _c1276065 |
||
| 100 | _a20101206d2010 |||y0rusy50 ca | ||
| 101 | 0 | _arus | |
| 102 | _aRU | ||
| 105 | _ay ||||||||| | ||
| 200 | 1 |
_aИдеологические аспекты методологического обеспечения научных исследований _eсборник научных статей _fРоссийская акад. образования, Науч. совет по философии образования и проблемам методологии исслед. в образовании, Ин-т упр. образованием, Лаб. методологии исслед. проблем упр. качеством образования _g[сост.: Н. В. Малкова _gнауч. ред.: Е.В. Бережнова] |
|
| 210 |
_aМосква _cМосковский государственный университет печати _d2010 |
||
| 215 |
_a326, [1] с. _d20 |
||
| 300 | _aСветлой памяти В. В. Краевского посвящается | ||
| 320 | _aБиблиогр. в конце ст. | ||
| 606 | 1 |
_aНаука и идеология _jСъезды, совещания и т.п. _91161910 _3RU\NLR\auth\66465031 |
|
| 606 | 1 |
_aПедагогика _jСъезды, совещания и т.п. _xНаучно-исследовательская работа _xМетодология _92309190 _3RU\NLR\auth\661382102 |
|
| 686 |
_aЮ251.51/52я43 _2rubbk |
||
| 686 | _aЮ251.082я431 | ||
| 686 | _aЧ30в.я431 | ||
| 686 | _aЧ40е.я431 | ||
| 702 | 1 |
_aМалкова _bН. В. _gНаталья Вячеславовна _4220 |
|
| 702 | 1 |
_4340 _8rus _7ca _aБережнова _bЕ. В. _gЕлена Викторовна _3RU\NLR\auth\7755701 _938633 |
|
| 702 | 1 |
_4570 _8rus _7ca _aКраевский _bВ. В. _f1926- _gВолодар Викторович _3RU\NLR\auth\7742391 _925336 |
|
| 711 | 1 | 2 |
_aВсероссийский методологический семинар _f2010 _eМосква _3RU\NLR\AUTH\8810185511 _9866409 |
| 712 | 0 | 2 |
_4570 _aРоссийская академия образования _bНаучный совет по философии образования и проблемам методологии исследований в образовании _3RU\NLR\AUTH\8810185491 _9866389 |
| 801 | 0 |
_aRU _bRuMoRKP _c20101206 _grcr |
|
| 801 | 1 |
_aRU _bRuMoRGB _c20101206 |
|
| 801 | 2 |
_aRU _bNLR _c20101224 _grcr |
|
| 942 | _cBOOK | ||
| 980 | _aNB | ||